000 00427nam a2200169Ia 4500
008 220204s9999 xx 000 0 und d
020 _a8179101223
082 _a581.6
_bTRI
100 _aTrivedi, Pravin Chandra
245 0 _aApplied botany
260 _aJaipur
_bAavishkar Publishers
_c2005
650 _aAllelopathy
650 _aComposting
650 _aPollen biotechnology
650 _aWeed management
942 _cBK
999 _c42603
_d42603